000 00781nam a2200253Ia 4500
003 OSt
005 20220923224856.0
006 a|||||r|||| 00| 0
007 ta
008 220922b |||||||| |||| 00| 0 hin d
024 _a252,850
037 _cTextual
040 _aARTS
_cARTS
_bhin
041 _2hin
_ahin
082 _aV2.L, 152K7.1
100 _aराघव, रांगेय
_9156291
245 0 _aमहायात्रा गाथा
246 _ahināyātrā gāthā
260 _aइलाहाबाद
_b किताब महल
_c1967
300 _a960पृ.
_ccm.
650 _aहिन्दी साहित्य
_9156264
942 _hV2.L, 152K7.1
_cTEXL
_2CC
999 _c374311
_d374311